| 000 | 01025nam a2200253 i 4500 | ||
|---|---|---|---|
| 001 | 189943 | ||
| 003 | ES-MaACL | ||
| 005 | 20240131174414.0 | ||
| 008 | 200203s1999 sp a |||| | spa d | ||
| 245 | 0 | 0 |
_aPlural _b: Amalia Avia, Barjola, Bores, Beulas, Chillida ... [et al.] : [exposición] del 9 de diciembre de 1999 al 8 de enero de 2000. |
| 260 |
_aMadrid : _bJuan Gris, Galería de Arte, _c[1999] |
||
| 300 |
_a[24] p. : _bprinicpalmente il. col. ; _c20 x 20 cm. |
||
| 600 | 1 | 4 |
_aAvia, Amalia- _vExposiciones. _9169491 |
| 600 | 1 | 4 |
_aBarjola, Juan- _vExposiciones. _925669 |
| 600 | 1 | 4 |
_aBores, Francisco ( _d1898-1972)- _vExposiciones. _930441 |
| 600 | 1 | 4 |
_aBeulas, José ( _d1921)- _vExposiciones. _9169492 |
| 600 | 1 | 4 |
_aChillida, Eduardo, _d1924-2002- _vExposiciones _938519 |
| 650 | 4 |
_aPintura española- _yS.XX- _vExposiciones. _916043 |
|
| 655 | 7 |
_2tgfbne _9193628 _aCatálogos de exposiciones |
|
| 710 | 2 |
_aGalería Juan Gris. _9171351 |
|
| 852 |
_aES-MaACL _j2129-F-41 |
||
| 942 | _2udc | ||
| 999 |
_c189943 _d189943 |
||